000 00714nam a2200265Ia 4500
005 20260121170548.0
008 008 260114s9999 xx 000 0 eng d
020 _a9781610918480
037 _aEBOOK
040 _aCRL
040 _beng
040 _cCRL
041 _2eng
041 _aeng
084 _qCRL
100 _aDavid de la Peña, Diane Jones Allen, Randolph T. Hester Jr., Jeffrey Hou, Laura L. Lawson, Marcia J. McNally
_91065405
245 0 _aDesign as Democracy
260 _bSpringer
260 _bSpringer
260 _c2017
856 _uhttps://link.springer.com/openurl?genre=book&isbn=978-1-61091-848-0
942 _cEBOOK
999 _c1631135
_d1631135